| 000 | 00782nam a2200289Ia 4500 | ||
|---|---|---|---|
| 003 | OSt | ||
| 005 | 20220912151547.0 | ||
| 006 | a|||||r|||| 00| 0 | ||
| 007 | ta | ||
| 008 | 220909b |||||||| |||| 00| 0 eng d | ||
| 020 | _a 0387548106 | ||
| 020 | _a35405408106 (Berlin) | ||
| 024 | _a2374 | ||
| 037 | _cTextual | ||
| 040 |
_aCSL _beng _cCSL |
||
| 041 | _aeng | ||
| 082 | _aB331,1, N3 | ||
| 100 | _aFedoryuk Mikhail V | ||
| 245 | 0 | _aAsymptotic analysis: linear ordinary differential equations | |
| 260 |
_aBerlin _bSpringer-Verlag _c1993 |
||
| 300 |
_a363p. _ccm. |
||
| 650 | _a Linear | ||
| 650 | _a Ordinary Differential Equations | ||
| 650 | _aMathematics | ||
| 942 |
_hB331,1, N3 _cTEXL _2CC |
||
| 999 |
_c71385 _d71385 |
||